Democracia, ley e inmunidades del poder

محفوظ في:
التفاصيل البيبلوغرافية
المؤلف الرئيسي: García de Enterría, Eduardo
التنسيق: غير معروف
اللغة:الإنجليزية
الإسبانية
منشور في: Navarra, España Aranzadi 2011
الطبعة:Segunda edición
الموضوعات:
الوسوم: إضافة وسم
لا توجد وسوم, كن أول من يضع وسما على هذه التسجيلة!

MARC

LEADER 00000 a2200000 4500
003 CL-VaPUC
005 20210625001759.0
008 200114b ||||| |||| 00| 0 eng d
999 |c 376046  |d 376044 
020 |a 9788447035526 
040 |c Pontificia Universidad Católica de Valparaíso 
041 0 |a spa 
082 |a 340.11 GAR 2011 
100 1 |a García de Enterría, Eduardo  |9 254850 
245 1 0 |a Democracia, ley e inmunidades del poder 
250 |a Segunda edición 
260 3 |b Aranzadi  |c 2011  |a Navarra, España 
300 |a 144 p 
505 0 |a Parte primera. La lucha contra las inmunidades del poder. Parte segunda. La democracia y el lugar de la ley. 
583 |k Hugo Gaete  |c 20200114 
650 0 0 |a Democracia  |9 255256 
650 0 0 |a Derecho positivo  |9 255911 
650 0 0 |a Teoría del derecho  |9 255982 
942 |2 ddc  |c BK 
952 |0 0  |1 0  |2 ddc  |4 0  |6 340_110000000000000_GAR_2011  |7 0  |9 495221  |a BIBDER  |b BIBDER  |d 2019-12-27  |e 36  |g 13864.00  |i 5568234  |o 340.11 GAR 2011  |p 5568234  |r 2023-01-25  |t 1  |v 13864.00  |w 2019-12-27  |y BK  |k DER